000
00276nam a2200097Ia 4500
001
681321
005
20250826161357.0
008
250824s9999 xx 000 0 und d
245
0
_a
AKLINDAN DÜŞÜNCELER GEÇEN ÇOCUK
_c
CHRİSTİNE NÖSTLİNGER
260
_b
GÜNIŞIĞI YAYINLARI
999
_c
681321
_d
681321